00860nam a2200301Ia 4500008004000000020001500040041000800055082001800063100002400081245006900105260004000174300000800214650001300222650001100235650001000246650001200256650000700268650000900275650001200284650001900296650001800315650000800333690002400341700001900365906001100384999001900395952014400414210210b2008 xxu||||| |||| 00| 0 eng d a8173716161 aeng a581.0724 KESP aKESHAVACHANDRAN (R) aPlant biotechnology: methods in tissue culture and gene transfer aHyderabadbUniversities Pressc2008 a299 atransfer atissue aPlant amethods ain agene aculture abiotechnology: abiotechnology aand aPlant Biotechnology aPETER (K V) Ed a063312 c135785d135785 00102ddc40708BTaALbALd2021-02-17eKnowledge Worldg300.00l1o581.0724 KESPp063312r2025-09-12 09:59:26s2025-09-01w2021-02-17yBK